00341nam a2200145Ia 45000030006000000080041000060400015000471000025000622450022000872500006001092600043001153000006001585460014001640050017001780STCL150530s9999 xx 000 0 und d aSTCLcSTCL aVasudevan Nair, M.T. aChithratheruvukal a1 bCurrent Book; Thrissurc2010aThrissur a0 aMalayalam20220125171336.0